| 000 | 01362nam a2200229 a 4500 | ||
|---|---|---|---|
| 008 | 150420s2014 ||||||||||||||||| || u | ||
| 020 | _a9780415531917 | ||
| 050 | _aTA 684 Lam | ||
| 100 | _aLam, Dennis | ||
| 245 | 1 | 0 |
_aStructural steelwork: design to limit state theory. (4th ed.) _cBy Dennis Lam, Thien-Cheong Ang [and] Sing-Ping Chiew |
| 250 | _a4th ed. | ||
| 260 |
_aBoca Raton _bCRC Press _c2014 |
||
| 300 | _aix, 368p.: ill. | ||
| 350 | _a62.95 | ||
| 650 | _aSTEEL, STRUCTURAL | ||
| 650 | _aBUILDING, IRON AND STEEL | ||
| 995 |
_aANNEX COLLECTION (Main Library) _D62.95 _e745104 _FCBU-MAIN LIBRARY (Kitwe) _I62.95 _jTA 684 Lam _M2 _UAVAILABLE _WApr 27, 2015 _y745104 _ZAnnex Low-Usage Collection |
||
| 995 |
_aMAIN LIBRARY OPEN ACCESS _e745106 _FCBU-MAIN LIBRARY (Kitwe) _I62.95 _jTA 684 Lam _M4 _UAVAILABLE _WApr 27, 2015 _y745106 _ZMain Library Open Access Collection |
||
| 995 |
_aANNEX COLLECTION (Main Library) _e745105 _FCBU-MAIN LIBRARY (Kitwe) _I62.95 _jTA 684 Lam _M3 _UAVAILABLE _WApr 27, 2015 _y745105 _ZAnnex Low-Usage Collection |
||
| 995 |
_aANNEX COLLECTION (Main Library) _e745103 _FCBU-MAIN LIBRARY (Kitwe) _I62.95 _jTA 684 Lam _M1 _UAVAILABLE _WApr 27, 2015 _y745103 _ZAnnex Low-Usage Collection |
||
| 995 |
_aMAIN LIBRARY OPEN ACCESS _e745107 _FCBU-MAIN LIBRARY (Kitwe) _I62.95 _jTA 684 Lam _M5 _UAVAILABLE _WApr 27, 2015 _y745107 _ZMain Library Open Access Collection |
||
| 999 |
_c76922 _d76922 |
||